书目信息 |
| 题名: |
物理海洋学导论
|
|
| 作者: | 瑙斯 , Knauss 著 ;潘学良 , 吴恒贷 译 | |
| 分册: | ||
| 出版信息: | 北京 科学出版社 1983 |
|
| 页数: | 230页 | |
| 开本: | 25cm | |
| 丛书名: | ||
| 单 册: | ||
| 中图分类: | P733 | |
| 科图分类: | ||
| 主题词: | 海洋物理学--概况 | |
| 电子资源: | ||
| ISBN: | ||
| 000 | 00891nam0 2200301 45 | |
| 001 | 0183006140 | |
| 005 | 20040629152828.1 | |
| 010 | @dCNY2.30 | |
| 091 | @a15031.2169 | |
| 100 | @a19950724d1983 em y0chiy0121 ea | |
| 101 | 1 | @achi@ceng |
| 102 | @aCN@b110000 | |
| 105 | @ay z 000yy | |
| 106 | @ar | |
| 200 | 10 | @a物理海洋学导论@Awu li hai yang xue dao lun@f(美)瑙斯(J.A.Knauss)著@g潘学良,吴恒岱译 |
| 210 | @a北京@c科学出版社@d1983 | |
| 215 | @a230页@d25cm | |
| 300 | @a书名原文:Introduction to Physical Oceanography | |
| 510 | 1 | @aIntroduction to Physical Oceanography@zeng |
| 606 | @a海洋物理学@x概况 | |
| 690 | @aP733@v3 | |
| 701 | 1 | @a瑙斯@Anao si@bJ.A.@4著 |
| 701 | A1 | @aKnauss@bJ.A.@4著 |
| 702 | 0 | @a潘学良@Apan xue liang@4译 |
| 702 | 0 | @a吴恒贷@Awu heng dai@4译 |
| 801 | 0 | @aCN@b上海图书馆@c20040629 |
| 801 | 2 | @aCN@bNLC@c20040629 |
| 905 | @f1@b96971@dP733@e9 | |
| 物理海洋学导论/(美)瑙斯(J.A.Knauss)著/潘学良,吴恒岱译.-北京:科学出版社,1983 |
| 230页;25cm |
| 书名原文:Introduction to Physical Oceanography |
| ISBN :CNY2.30 |
| ● |
| 相关链接 |
|
|
|
|
正题名:物理海洋学导论
索取号:P733/9
 
预约/预借
| 序号 | 登录号 | 条形码 | 馆藏地/架位号 | 状态 | 备注 |
| 1 | 0096971 | 001935455 | 第三借阅区/ [索取号:P733/9] | 在馆 | |
| 2 | 0096972 | 000624765 | 第二样本阅览室/ [索取号:P733/9] | 在馆 |